000 00562nam a22001817a 4500
003 URS
005 20220114171633.0
008 170327b xxu||||| |||| 00| 0 eng d
020 _a0803949227
050 _aJS91
_bN5
100 _aGoetz, Edward G.
_4author
245 _aThe new localism:
_bcomparative urban politics in a global era
_cEdward G. Goetz, Susan E. Clarke, Author
260 _aNewburry Park, London:
_bSage,
_c1993
300 _a230 pages;
_c22 cm.
700 _4author
_aGoetz, Edward Glenn
700 _4author
_aClarke, Susan E.
942 _cFR
_2lcc
999 _c14360
_d14360